00742nam a2200181 a 450000100100000000500170001000800410002704000250006810000370009324501680013026000500029830000170034850000210036570000430038604900090042995201050043899900170054300003423120200930070904.0110928s1947 dr 000 0 spa d aDO-SdBNPbspacBNPHU1 aAdams, Henry,d1838-1918.91286010aThe formative years :ba history of the United States during the administrations of Jefferson and Madison, /cby Henry Adams. Condensed and edited by Herbert Agar. aBostón :bHoughton Miffelin Company,c1947. av. ;c24 cm. aIncluye índice1 aAgar, Herbert,d1897-1980,eed.959650 aBNPD 0010718PDaPDbPDcCTd2011-09-28iLF1l0o p34231-10r2020-06-25w2020-06-25yLFPDZNo se presta c33722d33722